[Event "Florianopolis op-A"]
[Site "Florianopolis"]
[Date "2023.09.24"]
[Round "6"]
[White "De Oliveira, Renan Figueiredo Co"]
[Black "Nunes, Agatha Hurba"]
[Result "0-1"]
[WhiteElo "1204"]
[BlackElo "1845"]
[PlyCount "64"]
[EventDate "2023.09.22"]
[EventType "swiss"]
[EventRounds "6"]
[EventCountry "BRA"]
[SourceTitle "EXT 2024"]
[Source "ChessBase"]
[SourceDate "2023.10.10"]
[SourceVersion "1"]
[SourceVersionDate "2023.10.10"]
[SourceQuality "1"]

1. d4 d5 2. c4 e6 3. e3 Nf6 4. Nf3 Be7 5. Nbd2 0-0 6. cxd5 exd5 7. Bd3 c6 8. Nf1 Bg4 9. h3 Bh5 10. Ng3 Bg6 11. 0-0 Nbd7 12. Ng5 Ne8 13. Bxg6 hxg6 14. Nf3 Nd6 15. Qd3 Bh4 16. Ne2 Ne4 17. Nxh4 Qxh4 18. f3 Ng5 19. Bd2 Nf6 20. Be1 Qh6 21. h4 Ne6 22. Bg3 Rfe8 23. Kf2 c5 24. dxc5 Nxc5 25. Qd4 Nce4+ 26. fxe4 Rxe4 27. Qd3 Rxe3 28. Qb5 Ng4+ 29. Kg1 Rxg3 30. Nf4 Qxh4 31. Nh3 Rxh3 32. gxh3 Qg3+ 0-1

[Event "Niteroi op 3rd"]
[Site "Niteroi"]
[Date "2023.09.09"]
[Round "8"]
[White "De Oliveira, Renan Figueiredo Co"]
[Black "Ferreira de Souza, Ricardo"]
[Result "1-0"]
[WhiteElo "1204"]
[BlackElo "1370"]
[PlyCount "63"]
[EventDate "2023.09.04"]
[EventType "swiss"]
[EventRounds "9"]
[EventCountry "BRA"]
[SourceTitle "EXT 2024"]
[Source "ChessBase"]
[SourceDate "2023.10.10"]
[SourceVersion "1"]
[SourceVersionDate "2023.10.10"]
[SourceQuality "1"]

1. d4 d5 2. e3 c5 3. c4 Nf6 4. Nf3 Nc6 5. a3 Bf5 6. Bd3 Ne4 7. 0-0 e6 8. dxc5 Bxc5 9. b4 Be7 10. Qc2 Qc7 11. cxd5 exd5 12. b5 Bf6 13. Ra2 Rc8 14. bxc6 Qe7 15. cxb7 Qxb7 16. Qa4+ Bd7 17. Qb4 Qa8 18. Bb5 Qb7 19. Bxd7+ Qxd7 20. Rd1 Qe6 21. Nd4 Qg4 22. f3 Qh5 23. Qa4+ Kf8 24. fxe4 Be5 25. Nf3 Qh6 26. Qb4+ Bd6 27. Qd4 Bc5 28. Qxd5 Bxe3+ 29. Bxe3 Qxe3+ 30. Kf1 g5 31. Nxg5 Qf4+ 32. Rf2 1-0

[Event "Niteroi op 3rd"]
[Site "Niteroi"]
[Date "2023.09.04"]
[Round "1"]
[White "De Oliveira, Renan Figueiredo Co"]
[Black "Saraiva, Alexandre Pacheco"]
[Result "1/2-1/2"]
[WhiteElo "1204"]
[BlackElo "1872"]
[PlyCount "99"]
[EventDate "2023.09.04"]
[EventType "swiss"]
[EventRounds "9"]
[EventCountry "BRA"]
[SourceTitle "EXT 2024"]
[Source "ChessBase"]
[SourceDate "2023.10.10"]
[SourceVersion "1"]
[SourceVersionDate "2023.10.10"]
[SourceQuality "1"]

1. d4 Nf6 2. c4 e6 3. Nf3 b6 4. Nc3 Bb7 5. a3 Be7 6. Qd3 d5 7. Bf4 0-0 8. b4 c5 9. Rb1 cxb4 10. axb4 Nc6 11. c5 a5 12. bxa5 Nxa5 13. Rxb6 Qc8 14. e3 Nc4 15. Rb1 Ra3 16. Qc2 Ba6 17. Bd3 h6 18. 0-0 Nd7 19. Rb4 Qc6 20. Rfb1 g5 21. Bg3 Ra8 22. Bxc4 Bxc4 23. Rb7 Bd8 24. Ne5 Nxe5 25. Bxe5 Ba6 26. Rb8 Bc8 27. Qb2 R3a5 28. h4 f6 29. Bd6 Kg7 30. hxg5 hxg5 31. Qe2 Kg6 32. e4 dxe4 33. Qxe4+ Qxe4 34. Nxe4 f5 35. Nd2 Bf6 36. Rxa8 Rxa8 37. Nf3 Bd7 38. Ne5+ Bxe5 39. Bxe5 f4 40. Rb6 Kf5 41. f3 g4 42. Rb7 g3 43. Kf1 Ra1+ 44. Ke2 Ra2+ 45. Kd3 Be8 46. Rb8 Bc6 47. Rf8+ Kg6 48. Rxf4 Rxg2 49. Rg4+ Kf5 50. Ke3 1/2-1/2